Innovative Methods and Technologies in the Pedagogical Process
Uložené v:
| Hlavný autor: | |
|---|---|
| Médium: | Kapitola |
| Jazyk: | English |
| Tagy: |
Žiadne tagy, Buďte prvý, kto otaguje tento záznam!
|
MARC
| LEADER | 00000nla a2200000 4500 | ||
|---|---|---|---|
| 001 | 0242278 | ||
| 005 | 20240502083650.3 | ||
| 041 | 0 | |a eng | |
| 044 | |a ES | ||
| 245 | 1 | 0 | |a Innovative Methods and Technologies in the Pedagogical Process |c Magdaléna Cárachová |
| 500 | |a Abstrakt | ||
| 100 | 1 | |a Cárachová, Magdaléna | |